000
00305nam a22001457a 4500
008
210223b ||||| |||| 00| 0 eng d
020
_a
9780176662202
041
_a
eng
080
_2
7th
_a
316
082
_a
316
100
_a
50
101
_a
SOC
245
_a
New Society
_c
Brym,J. R
942
_2
udc
_c
BK
999
_c
55106
_d
55106